Iniciación a la Historia de la Iglesia.
Guardat en:
| Autor principal: | |
|---|---|
| Format: | Desconegut |
| Idioma: | anglès |
| Publicat: |
Salamanca, España:
Sígueme,
2008
|
| Matèries: | |
| Etiquetes: |
Afegir etiqueta
Sense etiquetes, Sigues el primer a etiquetar aquest registre!
|
MARC
| LEADER | 00000 a2200000 4500 | ||
|---|---|---|---|
| 003 | CL-VaPUC | ||
| 005 | 20240527113443.0 | ||
| 008 | 240520t2008 ||||| |||| 00| 0 eng d | ||
| 999 | |c 443708 |d 443706 | ||
| 020 | |a 978-84-301-1696-6 (o.c) | ||
| 020 | |a 978-84-301-1697-3 (v.I) | ||
| 020 | |a 978-84-301-1698-0 (v.II) | ||
| 040 | |c Pontificia Universidad Católica de Valparaíso | ||
| 082 | 0 | 4 | |2 22 |a 270 MAR 2008 |
| 100 | 1 | |a Martín Hernández, Francisco |e autor |9 888852 | |
| 245 | |a Iniciación a la Historia de la Iglesia. | ||
| 260 | |a Salamanca, España: |b Sígueme, |c 2008 | ||
| 300 | |a 2 volúmenes | ||
| 505 | |a I. Edad Antigua y Edad Media. II. Edad Moderna y Edad Contemporánea. | ||
| 583 | |k GC |c 20240520 | ||
| 650 | 1 | |a Historia eclesiástica |9 889057 | |
| 650 | 1 | |a Historia del cristianismo |9 473480 | |
| 650 | 1 | |a Historia de la iglesia primitiva |y ca. 30-600 |9 883513 | |
| 942 | |2 ddc |c BK | ||
| 952 | |0 0 |1 0 |2 ddc |4 0 |6 270_000000000000000_MAR_2008 |7 0 |8 A |9 594799 |a BIBTEO |b BIBTEO |d 2024-05-20 |e 8 |g 26950.00 |h v.I |i 5661408 |o 270 MAR 2008 |p 5661408 |r 2025-01-17 |t 1 |v 26950.00 |w 2024-05-20 |y BK |k ICR | ||
| 952 | |0 0 |1 0 |2 ddc |4 0 |6 270_000000000000000_MAR_2008 |7 0 |8 A |9 594800 |a BIBTEO |b BIBTEO |d 2024-05-20 |e 8 |g 26950.00 |h v.II |i 5661409 |o 270 MAR 2008 |p 5661409 |r 2025-01-17 |t 1 |v 26950.00 |w 2024-05-20 |y BK |k ICR | ||